| 000 | 01264nam a2200277 a 4500 | ||
|---|---|---|---|
| 003 | OSt | ||
| 005 | 20250610085331.0 | ||
| 007 | cr ||||||a|c|a | ||
| 008 | 240119s2023 mx a|||fom||| 001 0 spa d | ||
| 040 | _erda | ||
| 100 | 1 |
_9188521 _aParedes Hernández, Samantha |
|
| 245 | 1 | 0 |
_aIdentificación morfológica y molecular del agente causal del tiro de munición en durazno (Prunus persica) / _cSamantha Paredes Hernández; director de tesis Santos Gerardo Leyva Mir |
| 264 | 1 |
_aChapingo, México : _bEl autor, _c2023 |
|
| 300 |
_a1 recurso en línea (43 páginas): _bfiguras y cuadros.. |
||
| 336 |
_2rdacontent _atexto _btxt |
||
| 337 |
_2rdamedia _acomputadora _bc |
||
| 338 |
_2rdacarrier _arecurso en línea _bcr |
||
| 502 |
_bIAEPA _cParasitología _d2023. _gLIC |
||
| 504 | _aIncluye referencias bibliográficas: páginas 35-36 | ||
| 650 | 4 |
_934595 _aDurazno _xEnfermedades por hongos |
|
| 650 | 7 |
_aWilsonomyces carpophilus _xIdentificación _2 _9188530 |
|
| 650 | 7 |
_aWilsonomyces carpophilus _xFisiología y morfología _2 _9188531 |
|
| 700 | 1 |
_aLeyva Mir, Santos Gerardo _eDirector de tesis. _966581 |
|
| 856 |
_uhttp://10.13.5.2/tesis/tl/1211828-3_PAREDES_HERNANDEZ_SAMANTHA.pdf _zDESCARGAR PDF |
||
| 942 |
_2Clasificación Universidad Autónoma Chapingo _cTD |
||
| 999 |
_c219553 _d219553 |
||